JEE ADVANCED MATHEMATICS (Record no. 206975)

MARC details
000 -LEADER
fixed length control field 00687nam a22001937a 4500
010 ## - LCCN (DPL NO)
LC control number ENG-142609
020 ## - INTERNATIONAL STANDARD BOOK NUMBER
International Standard Book Number 9789361593659
Terms of availability 1060.00
035 ## - SYSTEM CONTROL NUMBER
System control number EN-126141
037 ## - SOURCE OF ACQUISITION
Source of stock number/acquisition DBAD
082 ## - DEWEY DECIMAL CLASSIFICATION NUMBER
Classification number 000
100 ## - MAIN ENTRY--PERSONAL NAME
Personal name Sharma, Om
245 ## - TITLE STATEMENT
Title JEE ADVANCED MATHEMATICS
Remainder of title Calculus
Statement of responsibility, etc by Om Sharma
250 ## - EDITION STATEMENT
Edition statement First
260 ## - PUBLICATION, DISTRIBUTION, ETC. (IMPRINT)
Place of publication, distribution, etc Noida
Name of publisher, distributor, etc Pearson India Education Services Pvt. ltd
Date of publication, distribution, etc 2025
270 ## - ADDRESS
Address 1st Floor, Berger Tower, plot no. C-001A/2, Sector 16B, Noida- 201 301, Uttar pradesh, India
City Noida
Postal code 201301
Electronic mail address companysecretary.india@pearson.com
300 ## - PHYSICAL DESCRIPTION
Extent 471p.
Dimensions 28cm(PB)
700 ## - ADDED ENTRY--PERSONAL NAME
Personal name Macleod, Carrie Edgerly
9 (RLIN) 73914
942 ## - ADDED ENTRY ELEMENTS (KOHA)
Source of classification or shelving scheme Dewey Decimal Classification
Item type English Books
Edition First
Classification part 000
Call number suffix SHA
Holdings
Withdrawn status Lost status Not for loan Collection code Home library Current library Date acquired Source of acquisition Cost, normal purchase price Full call number Barcode Copy number Cost, replacement price Koha item type
      Non-fiction Bawana Bawana 14/11/2024 DBAD 1060.00 000 SHA EN-126141 1 1060.00 English Books

© Delhi Public Library
Hit Counter
free hit counter